Site-specific grasses and herbs: Seed production and use for restoration of mountain environments
Αποθηκεύτηκε σε:
| Κύριος συγγραφέας: | |
|---|---|
| Μορφή: | Βιβλίο |
| Γλώσσα: | Undetermined |
| Έκδοση: |
Rome, Italy
FAO
2004
|
| Θέματα: | |
| Ετικέτες: |
Προσθήκη ετικέτας
Δεν υπάρχουν, Καταχωρήστε ετικέτα πρώτοι!
|
| Thư viện lưu trữ: | Trung tâm Học liệu Trường Đại học Cần Thơ |
|---|
| LEADER | 00592nam a2200193Ia 4500 | ||
|---|---|---|---|
| 001 | CTU_69285 | ||
| 008 | 210402s9999 xx 000 0 und d | ||
| 082 | |a 633.2 | ||
| 082 | |b K91 | ||
| 100 | |a Krautzer, Bernhard | ||
| 245 | 0 | |a Site-specific grasses and herbs: Seed production and use for restoration of mountain environments | |
| 245 | 0 | |c Bernhard Krautzer, Giovanni Peratonerr and Ferdinando Bozzo | |
| 260 | |a Rome, Italy | ||
| 260 | |b FAO | ||
| 260 | |c 2004 | ||
| 650 | |a Forage crop | ||
| 904 | |i Minh | ||
| 910 | |a Năm | ||
| 980 | |a Trung tâm Học liệu Trường Đại học Cần Thơ | ||